000
00257nam a2200097Ia 4500
001
787857
005
20250826170348.0
008
250824s9999 xx 000 0 und d
245
0
_a
MOKS: BAŞARIYA GİDEN YOL
_c
AHMET ŞERİF İZGÖREN
260
_b
ELMA YAYINLARI
999
_c
787857
_d
787857